00603nam a22001817a 4500003000200000005001700002008004100019020002200060050002500082100002300107245008200130250001800212260003200230300004600262500001700308504006300325650003300388020230927113800.0230927b xxu||||| |||| 00| 0 eng d a978-0-357-65834-5 aHF 5548.8b.Aa5 2023 aAamodt, Michael G. aIndustrial/organizational psychology : an applied approachcMichael G. Aamodt aNinth edition aBoston, MAbCengagecc2023. axviii, 669 pages :bcol. ill. ; c26 cm.  aPsychology.  aIncludes bibliographical references, glossary, and index.  aPsychology, organizational.